000
00295nam a2200109 4500
999
_c
9964
_d
9964
008
180724b ||||| |||| 00| 0 eng d
245
_a
Asean tourism forum 2016 opens today.
260
_a
Philippines
_b
Manila Bulletin
_c
c2016
300
_a
page B-2.
650
0
_9
29425
_a
Tourism.
942
_2
ddc
_c
PER